Die philosophische Psychologie des Peter von Ailly: e. Beitr. zur Geschichte d. Philosophie d. späten Mittelalters
| Subtitles: | Tractatus de anima |
|---|---|
| Authors: | ; |
| Contributors: | |
| Format: | Print Book |
| Language: | German Latin |
| Subito Delivery Service: | Order now. |
| Check availability: | HBZ Gateway |
| WorldCat: | WorldCat |
| Interlibrary Loan: | Interlibrary Loan for the Fachinformationsdienste (Specialized Information Services in Germany) |
| Published: |
Amsterdam
Grüner
1987
|
| In: |
Bochumer Studien zur Philosophie (6)
Year: 1987 |
| Series/Journal: | Bochumer Studien zur Philosophie
6 |
| Standardized Subjects / Keyword chains: | B
Peter, von Ailly, Kardinal 1351-1420, Tractatus de anima
B Soul / Scholasticism |
| Further subjects: | B
Thesis
|
| Online Access: |
Table of Contents |
MARC
| LEADER | 00000cam a2200000 c 4500 | ||
|---|---|---|---|
| 001 | 161894990X | ||
| 003 | DE-627 | ||
| 005 | 20251225201337.0 | ||
| 007 | tu | ||
| 008 | 860606s1987 ne ||||| m 00| ||ger c | ||
| 020 | |a 9060322754 |9 90-6032-275-4 | ||
| 035 | |a (DE-627)161894990X | ||
| 035 | |a (DE-576)01110869X | ||
| 035 | |a (DE-599)BSZ01110869X | ||
| 035 | |a (OCoLC)246895431 | ||
| 035 | |a (OCoLC)246895431 | ||
| 035 | |a (DE-604)8006084737 | ||
| 040 | |a DE-627 |b ger |c DE-627 |e rakwb | ||
| 041 | |a ger |a lat | ||
| 044 | |c XA-NL | ||
| 072 | 7 | |a PHI010000 |2 bisacsh | |
| 072 | 7 | |a PHI000000 |2 bisacsh | |
| 072 | 7 | |a HP |2 bicssc | |
| 082 | 0 | |a 128.1 |q SEPA | |
| 084 | |a 1 |2 ssgn | ||
| 084 | |a CE 3557 |2 rvk |0 (DE-625)rvk/17947:11616 | ||
| 084 | |a BN 2849 |2 rvk |0 (DE-625)rvk/13601: | ||
| 084 | |a 08.36 |2 bkl | ||
| 100 | 1 | |8 1\p |0 (DE-588)110951786 |0 (DE-627)691099480 |0 (DE-576)354091921 |4 aut |a Pluta, Olaf |d 1950- | |
| 109 | |a Pluta, Olaf 1950- | ||
| 245 | 1 | 4 | |a Die philosophische Psychologie des Peter von Ailly |b e. Beitr. zur Geschichte d. Philosophie d. späten Mittelalters |c Olaf Pluta |
| 246 | 3 | 3 | |a Tractatus de anima |
| 264 | 1 | |a Amsterdam |b Grüner |c 1987 | |
| 300 | |a XXXIX, 150 S. | ||
| 336 | |a Text |b txt |2 rdacontent | ||
| 337 | |a ohne Hilfsmittel zu benutzen |b n |2 rdamedia | ||
| 338 | |a Band |b nc |2 rdacarrier | ||
| 490 | 1 | |a Bochumer Studien zur Philosophie |v 6 | |
| 502 | |a Zugl.: Bochum, Univ., Diss., 1985 | ||
| 505 | 8 | 0 | |t Tractatus de anima |r Petrus de Aillyaco |
| 583 | 1 | |a Archivierung/Langzeitarchivierung gewährleistet |f SSG |x XA-DE-BW |2 pdager |5 DE-21 | |
| 601 | |a Philosophie | ||
| 601 | |a Psychologie | ||
| 601 | |a Geschichte | ||
| 601 | |a Mittelalter | ||
| 655 | 7 | |a Hochschulschrift |0 (DE-588)4113937-9 |0 (DE-627)105825778 |0 (DE-576)209480580 |2 gnd-content | |
| 689 | 0 | 0 | |d u |0 (DE-588)4195401-4 |0 (DE-627)701509937 |0 (DE-576)210100842 |a Peter |2 gnd |c von Ailly, Kardinal |d 1351-1420 |t Tractatus de anima |
| 689 | 0 | |5 (DE-627) | |
| 689 | 1 | 0 | |d s |0 (DE-588)4054146-0 |0 (DE-627)106163752 |0 (DE-576)209107626 |2 gnd |a Seele |
| 689 | 1 | 1 | |d s |0 (DE-588)4053169-7 |0 (DE-627)104616814 |0 (DE-576)209102381 |2 gnd |a Scholastik |
| 689 | 1 | |5 (DE-627) | |
| 700 | 0 | |0 (DE-588)118644157 |0 (DE-627)079430244 |0 (DE-576)162533349 |4 aut |a Peter |c von Ailly, Kardinal |d 1351-1420 | |
| 751 | |a Bochum |0 (DE-588)4007328-2 |0 (DE-627)106374028 |0 (DE-576)208869697 |4 uvp | ||
| 776 | 1 | |z 9789027279101 | |
| 830 | 0 | |a Bochumer Studien zur Philosophie |v 6 |9 6 |w (DE-627)130659436 |w (DE-576)008827737 |w (DE-600)848331-0 |x 1384-668X |7 am | |
| 856 | 4 | 2 | |u https://www.gbv.de/dms/bowker/toc/9789060322758.pdf |v 2022-07-28 |x Aggregator |3 Inhaltsverzeichnis |7 1 |
| 883 | |8 1\p |a cgwrk |d 20250301 |q DE-101 |u https://d-nb.info/provenance/plan#cgwrk | ||
| 935 | |a mteo | ||
| 936 | r | v | |a CE 3557 |b Abhandlungen, Studien |k Philosophie |k Geschichte der Philosophie |k Geschichte der Philosophie des Abendlandes von Antike bis 20. Jahrhundert |k Philosophie des Mittelalters |k Autoren |k Autoren P |k Peter von Ailly |k Abhandlungen, Studien |0 (DE-627)1271859203 |0 (DE-625)rvk/17947:11616 |0 (DE-576)201859203 |
| 936 | r | v | |a BN 2849 |b Peter, von Ailly, Kardinal |k Theologie und Religionswissenschaften |k Dogmatik und Dogmengeschichte |k Autoren |k Spätscholastik (14.-15. Jh.) |k Autoren P |k Peter, von Ailly, Kardinal |0 (DE-627)1270739646 |0 (DE-625)rvk/13601: |0 (DE-576)200739646 |
| 936 | b | k | |a 08.36 |j Philosophische Anthropologie |q SEPA |0 (DE-627)106403060 |
| 951 | |a BO | ||
| ELC | |b 1 | ||
| ITA | |a 1 |t 1 | ||
| LOK | |0 000 xxxxxcx a22 zn 4500 | ||
| LOK | |0 001 3220771416 | ||
| LOK | |0 003 DE-627 | ||
| LOK | |0 004 161894990X | ||
| LOK | |0 005 20020518000000 | ||
| LOK | |0 008 881012||||||||||||||||ger||||||| | ||
| LOK | |0 040 |a DE-21 |c DE-627 |d DE-21 | ||
| LOK | |0 852 |a DE-21 | ||
| LOK | |0 852 1 |c 28 A 14845 |9 00 | ||
| LOK | |0 935 |a theo | ||
| LOK | |0 939 |a 12-10-88 |b l01 | ||
| LOK | |0 000 xxxxxcx a22 zn 4500 | ||
| LOK | |0 001 3220771505 | ||
| LOK | |0 003 DE-627 | ||
| LOK | |0 004 161894990X | ||
| LOK | |0 005 20100408133929 | ||
| LOK | |0 008 910813||||||||||||||||ger||||||| | ||
| LOK | |0 040 |a DE-21-35 |c DE-627 |d DE-21-35 | ||
| LOK | |0 541 |e 1988/79703 | ||
| LOK | |0 852 |a DE-21-35 | ||
| LOK | |0 852 1 |c Ez 2.4-6 |m p |9 00 | ||
| LOK | |0 938 |k p | ||
| LOK | |0 939 |a 13-08-91 |b l01 | ||
| ORI | |a SA-MARC-ixtheoa001.raw | ||
| REL | |a 1 | ||
| STA | 0 | 0 | |a Scholasticism,Soul,Soul,Soul in art |
| STB | 0 | 0 | |a Scolastique,Âme,Âme |
| STC | 0 | 0 | |a Alma,Alma,Escolástica |
| STD | 0 | 0 | |a Anima,Anima,Scolastica |
| STE | 0 | 0 | |a 灵魂,灵魂,精神,精神,经院哲学,士林哲学 |
| STF | 0 | 0 | |a 經院哲學,士林哲學,靈魂,靈魂,精神,精神 |
| STG | 0 | 0 | |a Alma,Alma,Escolástica |
| STH | 0 | 0 | |a Душа (мотив),Душа,Схоластика |
| STI | 0 | 0 | |a Σχολαστικισμός,Ψυχή (μοτίβο),Ψυχή |
| SUB | |a REL | ||
| SYG | 0 | 0 | |a Seelenlehre , Hochscholastik |



